| 000 | 00814nam a2200253Ia 4500 | ||
|---|---|---|---|
| 003 | OSt | ||
| 005 | 20220925184758.0 | ||
| 006 | a|||||r|||| 00| 0 | ||
| 007 | ta | ||
| 008 | 220923b |||||||| |||| 00| 0 eng d | ||
| 037 | _cGeneral Book | ||
| 040 |
_aRTL _cRTL _beng |
||
| 041 |
_2eng _aeng |
||
| 082 | _aX9(JB).7252.P, P1 | ||
| 100 | _aWang Sen | ||
| 245 | 0 |
_aForestry and the new institutional economics _b An |
|
| 260 |
_aAldershot _bAshgate United Kingdom _c2001 |
||
| 300 |
_axiii, 201p. Bibliography p.176-95 _ccm. |
||
| 490 | _aAshgate Studies in Environmental and Natural Resource Economics | ||
| 650 | _aForestry Industry | ||
| 700 | _a Van Kooten G Cornells | ||
| 942 |
_hX9(JB).7252.P, P1 _cGB _2CC |
||
| 999 |
_c508819 _d508819 |
||